000 00364nam a2200145Ia 4500
008 230711s9999||||xx |||||||||||||| ||und||
041 _aENG
082 _a627
_bLI-H
100 _aLinsley,Ray K
245 0 _aHydrology for engineers
250 _a7th Ed.
260 _c1988
_aNew York
_bTata McGraw Hill Education Limited
650 _aCivil Engineering
942 _cBK
999 _c624
_d624